[Event "AUTO-INT-481"]
[Site "http://www.queenalice.com/game.php?id=220741"]
[Date "2007.6.5"]
[Round "1"]
[White "HattShallot"]
[Black "eduxarapov"]
[Result "1-0"]
[WhiteElo "1542"]
[BlackElo "1454"]

1. d4 Nf6 2. Nf3 Nc6 3. e4 d5 4. Nc3 dxe4 5. Nd2 e6 6. Ncxe4 Qxd4 7. Nxf6+ gxf6
8. c3 Qe5+ 9. Be2 b6 10. O-O Rg8 11. Nf3 Qf5 12. Nd4 Qd5 13. Bf3 Qe5 14. Bxc6+
Ke7 15. Bxa8 Kd8 16. Nf3+ Qd5 17. Bxd5 exd5 18. Qxd5+ Bd7 19. Qxf7 Rh8 20. Qxf6+
Ke8 21. Qxh8 Bc6 22. Re1+ Kf7 23. Ne5+ Ke6 24. Nxc6+ Kd7 25. Qxf8 Kxc6 26. Re5
1-0

[Event "AUTO-INT-481"]
[Site "http://www.queenalice.com/game.php?id=220750"]
[Date "2007.6.5"]
[Round "1"]
[White "jfkarlsson"]
[Black "HattShallot"]
[Result "1-0"]
[WhiteElo "1459"]
[BlackElo "1538"]

1. e4 Nf6 2. Nc3 e6 3. d4 d5 4. e5 Ng4 5. Qxg4 Bb4 6. Qxg7 Kd7 7. Qxf7+ Qe7 8.
Qxe7+ Bxe7 9. Bh6 Nc6 10. Bb5 a6 11. Bxc6+ bxc6 12. Nf3 Rb8 13. b3 Bf8 14. Bxf8
Rxf8 15. O-O a5 16. a3 Ba6 17. Rfe1 Rg8 18. Rab1 Rbf8 19. Re3 h5 20. b4 Rg7 21.
g3 Bc4 22. Nd2 Ba6 23. Rf3 Be2 24. Rxf8 Ba6 25. bxa5 h4 26. Rbb8 Ke7 27. Rbe8+
Kd7 28. Na4 Re7 29. Nc5# 1-0

[Event "AUTO-INT-481"]
[Site "http://www.queenalice.com/game.php?id=220751"]
[Date "2007.6.5"]
[Round "1"]
[White "HattShallot"]
[Black "jfkarlsson"]
[Result "0-1"]
[WhiteElo "1596"]
[BlackElo "1443"]

1. d4 Nf6 2. Nf3 d5 3. Qd3 Nc6 4. Bg5 Qd6 5. Bxf6 Qxf6 6. e4 Bg4 7. e5 Qf4 8. h3
Qc1+ 9. Qd1 Qxb2 10. Nbd2 Nxd4 11. Nc4 Nxc2+ 12. Ke2 dxc4 13. Rc1 Nd4+ 14. Ke1
Nxf3+ 15. gxf3 Bxf3 16. Be2 Bxh1 17. Bxc4 Qxe5+ 18. Be2 Rd8 19. Qa4+ c6 20. Qxa7
Bf3 21. Rc2 Bxe2 22. Rxe2 Qa1# 0-1

[Event "Let's Play Chess!"]
[Site "http://www.queenalice.com/game.php?id=221631"]
[Date "2007.6.7"]
[Round "-"]
[White "cristiana"]
[Black "HattShallot"]
[Result "0-1"]
[WhiteElo "1176"]
[BlackElo "1570"]

1. d4 d5 2. g3 Nc6 3. c3 Bf5 4. f4 Bxb1 5. Rxb1 Qd6 6. Nf3 Qe6 7. b3 Qe4 8. Ra1
b5 9. b4 a5 10. Bh3 axb4 11. Qd2 e6 12. Ng5 Qxh1+ 13. Kf2 Qxh2+ 14. Kf3 h6 15.
Qe1 hxg5 16. fxg5 Rxh3 17. Bf4 Bd6 18. Rb1 Bxf4 19. Kxf4 f6 20. e4 Rxa2 21. exd5
Qf2+ 22. Kg4 Rxg3+ 23. Kh4 fxg5+ 24. Kh5 Nf6+ 25. Kg6 Ne7+ 26. Kxg7 Re2 27. Qh1
Qh2 28. Ra1 Rh3 29. Ra8+ Kd7 30. d6 Qxh1 31. d5 Rh7+ 32. Kxf6 Rf2+ 33. Ke5 cxd6+
34. Kd4 Qd1+ 35. Ke3 Qxd5 36. Ra7+ Ke8 37. Rc7 Rhh2 38. c4 Re2# 0-1

[Event "Challenge"]
[Site "http://www.queenalice.com/game.php?id=221644"]
[Date "2007.6.7"]
[Round "-"]
[White "txukahamae"]
[Black "HattShallot"]
[Result "0-1"]
[WhiteElo "1654"]
[BlackElo "1572"]

1. Nf3 b5 2. e4 Bb7 3. Bd3 c6 4. O-O d5 5. exd5 cxd5 6. Bxb5+ Bc6 7. Bxc6+ Nxc6
8. d4 Qb8 9. Nc3 e6 10. Re1 Bb4 11. Bd2 Bd6 12. Nxd5 Nge7 13. Nxe7 Nxe7 14. b3
O-O 15. g3 f5 16. Bc1 Bb4 17. Rxe6 Qc8 18. Bb2 Qxe6 19. a3 Bd6 20. Ng5 Qh6 21.
Qd2 Qf6 22. h4 Nc6 23. Qe2 Bc5 24. Qh5 h6 25. Nf3 Bxd4 26. Nxd4 Nxd4 27. Qd1
Nf3+ 0-1

[Event "1"]
[Site "http://www.queenalice.com/game.php?id=221842"]
[Date "2007.6.7"]
[Round "-"]
[White "mogerio"]
[Black "HattShallot"]
[Result "0-1"]
[WhiteElo "1319"]
[BlackElo "1492"]

1. e4 Nf6 2. Nc3 d5 3. exd5 Nxd5 4. Nxd5 Qxd5 5. Qf3 Qe6+ 6. Qe2 Nc6 7. Qxe6
Bxe6 8. Nf3 O-O-O 9. Bd3 f6 10. O-O g5 11. Be4 Bc4 12. d3 Bd5 13. Bxd5 Rxd5 14.
c4 Rxd3 15. Be3 Ne5 16. Nxe5 fxe5 17. Rfd1 Rxd1+ 18. Rxd1 Bg7 19. Bxg5 Bf6 20.
Bxf6 exf6 21. Rd3 Rg8 22. Rg3 Rd8 23. b4 Rd1# 0-1

[Event "2"]
[Site "http://www.queenalice.com/game.php?id=221843"]
[Date "2007.6.7"]
[Round "-"]
[White "HattShallot"]
[Black "mogerio"]
[Result "1-0"]
[WhiteElo "1521"]
[BlackElo "1308"]

1. Nf3 Nc6 2. d4 d5 3. Nc3 e5 4. Bg5 f6 5. Bh4 g5 6. Bg3 Nxd4 7. Nxd4 exd4 8.
Qxd4 Nh6 9. h4 g4 10. f3 Rg8 11. Rg1 Nf5 12. Qf4 Nd6 13. Nxd5 Be6 14. Nxf6+ Qxf6
15. Qxf6 Rg7 16. Qxe6+ Re7 17. Qb3 Kd7 18. e4 Rae8 19. Bb5+ c6 20. Qd3 cxb5 21.
Qxd6+ Kc8 22. O-O-O Rd7 23. Qb8# 1-0

[Event "Let's Play Chess!"]
[Site "http://www.queenalice.com/game.php?id=222575"]
[Date "2007.6.9"]
[Round "-"]
[White "efimbog"]
[Black "HattShallot"]
[Result "1-0"]
[WhiteElo "1642"]
[BlackElo "1591"]

1. d4 d5 2. c4 dxc4 3. Nc3 g6 4. e4 Bg7 5. Be3 Nf6 6. Bxc4 Nh5 7. Nge2 e5 8. d5
O-O 9. O-O c6 10. Ng3 Nxg3 11. fxg3 Qb6 12. Bxb6 axb6 13. dxc6 bxc6 14. Qb3 b5
15. Bxf7+ Kh8 16. Be6 Bd7 17. Rxf8+ Bxf8 18. Rf1 Bc5+ 19. Kh1 Bd4 20. Rf8+ Kg7
21. Rg8+ Kf6 22. Bxd7 Bxc3 23. Qe6+ Kg5 24. h4+ Kh5 25. Rh8 Nxd7 26. Rxh7# 1-0

[Event "Challenge"]
[Site "http://www.queenalice.com/game.php?id=222649"]
[Date "2007.6.9"]
[Round "-"]
[White "toomlee"]
[Black "HattShallot"]
[Result "0-1"]
[WhiteElo "1166"]
[BlackElo "1570"]

1. e4 d5 2. f3 Nf6 3. Nc3 e5 4. Nh3 d4 5. Bb5+ c6 6. Ba4 dxc3 7. dxc3 Qa5 8. b3
Qxc3+ 9. Bd2 Qc5 10. Ng5 b5 11. Qe2 bxa4 12. b4 Qb6 13. Bc3 Bxb4 14. Rb1 Ba6 15.
Qd2 Bxc3 16. Rxb6 axb6 17. Qxc3 Nfd7 18. Qb3 axb3 19. cxb3 O-O 20. Kd1 f6 21.
Ne6 c5 22. Re1 Nc6 23. Re2 Bxe2+ 24. Kxe2 Nd4+ 25. Nxd4 cxd4 26. a4 Nc5 27. b4
Nb3 28. a5 bxa5 29. bxa5 Rxa5 30. g3 Ra2+ 31. Kf1 Rxh2 32. Kg1 Rh6 33. Kf2 d3
34. Ke1 d2+ 35. Ke2 Rd8 36. f4 d1=Q+ 37. Ke3 Rd3+ 38. Kf2 Rh2# 0-1

[Event "Challenge"]
[Site "http://www.queenalice.com/game.php?id=222651"]
[Date "2007.6.9"]
[Round "-"]
[White "Tiagoviegas"]
[Black "HattShallot"]
[Result "1-0"]
[WhiteElo "1331"]
[BlackElo "1594"]

1. e4 d5 2. Qf3 Nf6 3. Nc3 Bg4 4. Qf4 Qd6 5. d4 Bh5 6. exd5 Nxd5 7. Nxd5 Qxd5 8.
c3 Nc6 9. g4 Qxh1 10. Qf3 Qxg1 11. gxh5 Qxh2 12. Bf4 Qh4 13. Bxc7 Qf6 14. Qd5 e6
15. Qe4 Rc8 16. Bf4 g6 17. h6 g5 18. Be5 Nxe5 19. dxe5 Qxh6 20. Rd1 Be7 21. Qa4+
Kf8 22. Qxa7 Re8 23. Qxb7 Qh4 24. c4 Kg7 25. Rd7 Kf8 26. a4 Rd8 27. a5 Ke8 28.
Rxe7+ Kf8 29. Rxf7+ 1-0

[Event "Challenge"]
[Site "http://www.queenalice.com/game.php?id=222655"]
[Date "2007.6.9"]
[Round "-"]
[White "HattShallot"]
[Black "toomlee"]
[Result "1-0"]
[WhiteElo "1543"]
[BlackElo "1146"]

1. d4 d5 2. Nc3 Nf6 3. Bg5 h6 4. Bxf6 exf6 5. e4 c6 6. exd5 cxd5 7. Bb5+ Nd7 8.
Qe2+ Qe7 9. Nxd5 Qe6 10. Nc7+ Ke7 11. Nxe6 fxe6 12. O-O-O Kd8 13. d5 Nc5 14.
dxe6+ Kc7 15. e7 Bxe7 16. Qxe7+ Kb6 17. Qd6+ Kxb5 18. Rd5 b6 19. b3 Kb4 20. Qc6
b5 21. Qxc5+ Ka5 22. Qxb5# 1-0

[Event "Challenge"]
[Site "http://www.queenalice.com/game.php?id=222656"]
[Date "2007.6.9"]
[Round "-"]
[White "toomlee"]
[Black "HattShallot"]
[Result "0-1"]
[WhiteElo "1153"]
[BlackElo "1509"]

1. e4 d5 2. d3 e5 3. Qf3 d4 4. Nh3 Bxh3 5. gxh3 Nc6 6. Na3 Qd6 7. Nc4 Qf6 8. Qe2
O-O-O 9. Rg1 b5 10. Nd2 Bb4 11. a3 Bxd2+ 12. Bxd2 Nh6 13. a4 a6 14. b3 Qd6 15.
Bg2 f5 16. Bf3 f4 17. Rxg7 Rdg8 18. Rg2 Nb4 19. Bc1 Qc6 20. Qd2 Nxc2+ 21. Kf1
Nxa1 22. Qb4 Qxc1+ 23. Ke2 Qc2+ 24. Qd2 Qxb3 25. Bg4+ Nxg4 26. Rxg4 Rxg4 27.
hxg4 Rf8 28. Qe1 Qc2+ 29. Qd2 Qxd2+ 30. Kxd2 bxa4 31. Kc1 Nb3+ 32. Kd1 Rg8 33.
f3 a3 34. Kc2 a2 35. Kxb3 a1=Q 36. h4 Qd1+ 37. Kb2 Qxf3 38. g5 Qxd3 39. Ka2 Qxe4
40. Kb3 d3 41. Kc3 Qd4+ 42. Kd2 f3 43. Ke1 f2+ 44. Kf1 d2 0-1

[Event "Challenge"]
[Site "http://www.queenalice.com/game.php?id=222696"]
[Date "2007.6.9"]
[Round "-"]
[White "toomlee"]
[Black "HattShallot"]
[Result "0-1"]
[WhiteElo "1155"]
[BlackElo "1507"]

1. d4 d5 2. Nc3 Nc6 3. e3 e5 4. dxe5 Nxe5 5. Qxd5 Qxd5 6. Nxd5 Bd6 7. f4 Ng6 8.
Nf3 Nf6 9. Nc3 O-O 10. Bc4 Be6 11. b3 Bb4 12. Bd2 a6 13. Ne5 b5 14. Be2 Bg4 15.
h3 Bf5 16. g4 Bxc2 17. f5 Nxe5 18. Rc1 Be4 19. Rf1 Bg2 20. Rg1 Bxh3 21. Rh1 Bxg4
22. Rf1 Bxe2 23. Kxe2 Rad8 24. Kd1 Bxc3 25. Rxc3 Nd5 26. Rc2 Nxe3+ 27. Kc1 Nxf1
28. Bg5 f6 29. Bh4 g5 30. Bf2 Nd3+ 31. Kb1 Nxf2 32. Rxf2 Rd1+ 33. Kc2 Rd2+ 34.
Rxd2 Nxd2 35. Kxd2 Rd8+ 36. Kc3 h5 37. a4 bxa4 38. bxa4 h4 39. Kb4 h3 40. Kc3 h2
41. Kc4 h1=Q 0-1

[Event "1"]
[Site "http://www.queenalice.com/game.php?id=223278"]
[Date "2007.6.10"]
[Round "-"]
[White "mogerio"]
[Black "HattShallot"]
[Result "0-1"]
[WhiteElo "1309"]
[BlackElo "1515"]

1. e4 d5 2. e5 Nc6 3. Nf3 Bg4 4. Be2 Bxf3 5. Bxf3 Nxe5 6. d4 Nxf3+ 7. gxf3 Qd6
8. O-O e5 9. dxe5 Qxe5 10. Re1 Bd6 11. Rxe5+ Bxe5 12. c3 Nf6 13. Qa4+ c6 14. b3
O-O 15. Na3 Bxc3 16. Rb1 g5 17. Bxg5 Nd7 18. b4 b5 19. Qd1 Bf6 0-1

[Event "2"]
[Site "http://www.queenalice.com/game.php?id=223279"]
[Date "2007.6.10"]
[Round "-"]
[White "HattShallot"]
[Black "mogerio"]
[Result "1-0"]
[WhiteElo "1507"]
[BlackElo "1317"]

1. d4 d5 2. e3 e6 3. Nf3 Nf6 4. c4 dxc4 5. Bxc4 Nc6 6. Ne5 Nxe5 7. dxe5 Ng4 8.
Qxg4 Bb4+ 9. Nc3 b6 10. Qxg7 Rf8 11. O-O Be7 12. Bb5+ Bd7 13. e4 c6 14. Be2 Qc7
15. Bg5 f6 16. Bh5+ Rf7 17. Bxf7+ Kd8 18. Bxf6 Bxf6 19. Qxf6+ Kc8 20. Rad1 1-0

[Event "3"]
[Site "http://www.queenalice.com/game.php?id=223280"]
[Date "2007.6.10"]
[Round "-"]
[White "mogerio"]
[Black "HattShallot"]
[Result "0-1"]
[WhiteElo "1309"]
[BlackElo "1531"]

1. e4 d5 2. e5 c5 3. Nc3 d4 4. Ne4 Qd5 5. Ng3 Qxe5+ 6. Qe2 Nc6 7. Nf3 Qd5 8. Qd3
Nb4 9. Qb5+ Bd7 10. Qe2 a6 11. c3 Nc2+ 12. Kd1 Nxa1 13. Qd3 Ba4+ 14. b3 Bb5 15.
Qe3 Bxf1 16. Rxf1 dxe3 17. fxe3 c4 18. bxc4 Qxc4 19. Re1 f6 20. d3 Qxc3 21. Bd2
Qxd3 22. Kc1 Qc2# 0-1

[Event "4"]
[Site "http://www.queenalice.com/game.php?id=223281"]
[Date "2007.6.10"]
[Round "-"]
[White "HattShallot"]
[Black "mogerio"]
[Result "1-0"]
[WhiteElo "1523"]
[BlackElo "1317"]

1. Nc3 e5 2. d4 exd4 3. Qxd4 Nc6 4. Qe4+ Qe7 5. Qg4 Qe6 6. Qf4 d6 7. Be3 Bd7 8.
O-O-O Nf6 9. Nb5 Kd8 10. Nh3 Nb4 11. Qxb4 c5 12. Qa5+ b6 13. Qa6 Bxb5 14. Qb7
Rc8 15. Qxa7 Rc7 16. Qxb6 Be7 17. Qxb5 Qxa2 18. Qb8+ Rc8 19. Qb3 Qa1+ 20. Kd2
Qa5+ 21. c3 Nh5 22. Bg5 Qc7 23. Qxf7 1-0

[Event "1"]
[Site "http://www.queenalice.com/game.php?id=223514"]
[Date "2007.6.11"]
[Round "-"]
[White "eduxarapov"]
[Black "HattShallot"]
[Result "1-0"]
[WhiteElo "1453"]
[BlackElo "1526"]

1. e4 Nf6 2. Nc3 e6 3. a3 d5 4. d3 e5 5. Bd2 d4 6. Qf3 dxc3 7. Bxc3 Bg4 8. Qe3
b6 9. h3 Bh5 10. Qg5 h6 11. Qxe5+ Be7 12. d4 Nc6 13. Bb5 Qd7 14. Bxc6 Qxc6 15.
Bb4 Qxe4+ 16. Kf1 c5 17. Re1 Qb7 18. dxc5 Qd5 19. cxb6 axb6 20. Qxe7# 1-0

[Event "2"]
[Site "http://www.queenalice.com/game.php?id=223515"]
[Date "2007.6.11"]
[Round "-"]
[White "HattShallot"]
[Black "eduxarapov"]
[Result "1-0"]
[WhiteElo "1511"]
[BlackElo "1458"]

1. Nc3 b5 2. Nxb5 d5 3. d4 Ba6 4. Nc3 Nf6 5. e3 Bxf1 6. Kxf1 e6 7. Qf3 Bb4 8. a3
Bxc3 9. bxc3 Nc6 10. Nh3 O-O 11. a4 Rb8 12. Ba3 Re8 13. Bc5 Rb2 14. g3 Qc8 15.
Qe2 Ne4 16. f3 Nxc5 17. dxc5 e5 18. e4 d4 19. g4 h6 20. Kg2 dxc3 21. Rab1 Nd4
22. Qd1 Rxc2+ 23. Kg3 Qa6 24. Rc1 Ne2+ 25. Kh4 Qf6+ 26. g5 hxg5+ 27. Kg4 Rxc1
28. Qxe2 1-0

[Event "Challenge"]
[Site "http://www.queenalice.com/game.php?id=231145"]
[Date "2007.6.27"]
[Round "-"]
[White "HattShallot"]
[Black "txukahamae"]
[Result "0-1"]
[WhiteElo "1519"]
[BlackElo "1612"]

1. Nf3 Nf6 2. Nc3 d5 3. d4 e6 4. Bg5 Be7 5. Qd3 O-O 6. h4 h6 7. O-O-O hxg5 8.
hxg5 g6 9. gxf6 Bxf6 10. e4 dxe4 11. Nxe4 Nd7 12. g3 b6 13. Qe3 Bg7 14. Bb5 Bb7
15. Rh6 Bxe4 16. Rh7 Kxh7 17. Ng5+ Kg8 18. Nxe4 Re8 19. Rh1 Nf6 20. Bxe8 Qxe8
21. Qh6 Qc6 22. Nxf6+ Bxf6 23. Qf4 Qxh1+ 0-1